[Event ":))"]
[Site "http://www.queenalice.com/game.php?id=690973"]
[Date "2009.11.30"]
[Round "-"]
[White "Leof"]
[Black "Mr_SPOCK"]
[Result "0-1"]
[WhiteElo "1628"]
[BlackElo "1542"]

1. d3 d5 2. b3 d4 3. f4 Nc6 4. e4 dxe3 5. Bxe3 Nf6 6. c4 Bg4 7. Be2 Qd7 8. h3
Bh5 9. g4 Bg6 10. f5 O-O-O 11. fxg6 hxg6 12. Nf3 e5 13. g5 Nh5 14. h4 Ng3 15.
Rg1 Bb4+ 16. Nbd2 Bc3 17. Rc1 e4 18. Nd4 Nxd4 19. Bg4 f5 20. Rxg3 exd3 21. Rxc3
Rxh4 22. Rxd3 Rh1+ 23. Rg1 Rdh8 24. Rxh1 Rxh1+ 25. Nf1 fxg4 26. Rxd4 Rxf1+ 27.
Kxf1 Qf7+ 28. Rf4 Qxf4+ 29. Bxf4 c6 30. Qxg4+ Kd8 31. Be5 b5 32. Qd4+ Kc8 33.
Qxa7 Kd8 34. Qc7+ Ke8 35. Qxc6+ Kf8 36. cxb5 Kf7 0-1

[Event "Challenge"]
[Site "http://www.queenalice.com/game.php?id=692698"]
[Date "2009.12.4"]
[Round "-"]
[White "Leof"]
[Black "Ana_Cris"]
[Result "1-0"]
[WhiteElo "1674"]
[BlackElo "1111"]

1. d3 e6 2. e4 c5 3. f4 h6 4. e5 f6 5. Qh5+ Ke7 6. Nf3 Qe8 7. exf6+ gxf6 8.
Qxc5+ d6 9. Qb4 Nc6 10. Qa3 Qh5 11. Nc3 e5 12. Nd5+ Kd7 13. Nb6+ axb6 14. Qxa8
d5 15. Be2 Bb4+ 16. c3 Bc5 17. Nxe5+ fxe5 18. Bxh5 Nf6 19. Bf7 Ke7 20. fxe5 Kxf7
21. exf6 Kxf6 22. Rf1+ Ke6 23. d4 Bd6 24. g3 Be7 25. b4 Bf6 26. a4 Kd6 27. Rxf6+
Kd7 28. Rf7+ Ne7 29. a5 b5 30. a6 bxa6 31. Qxd5+ Ke8 32. Qf3 Rf8 33. Rxf8+ Kd7
34. Qa8 Nd5 35. Qxc8+ Kd6 36. Qd8+ Kc6 37. Rxa6+ Nb6 38. Qa8+ Kd6 39. Rxb6+ Kd7
40. Qb7# 1-0

[Event "Challenge"]
[Site "http://www.queenalice.com/game.php?id=692706"]
[Date "2009.12.4"]
[Round "-"]
[White "TomasJeferson"]
[Black "Leof"]
[Result "1-0"]
[WhiteElo "1096"]
[BlackElo "1674"]

1. e4 e5 2. d4 f6 3. Nc3 c6 4. Bc4 b5 5. Bxg8 Rxg8 6. Qh5+ g6 7. Qxh7 Rg7 8. Qh8
g5 9. b3 a5 10. a4 b4 11. Nce2 Qe7 12. Ng3 Rh7 13. Qg8 Rg7 14. Qh8 d6 15. Nf5
Bxf5 16. exf5 Nd7 17. Qh5+ Rf7 18. Qf3 d5 19. Ne2 e4 20. Qg3 c5 21. Qc7 Rd8 22.
O-O g4 23. c3 bxc3 24. Nxc3 Nb8 25. Qxa5 Nc6 26. Qb5 Qd7 27. dxc5 Nd4 28. Qb6
Nxf5 29. Bf4 Nd4 30. a5 Nc2 31. Rac1 Na3 32. a6 d4 33. Nxe4 Be7 34. Rfe1 Qf5 35.
Bh6 Bxc5 36. Nxf6# 1-0

[Event "Challenge"]
[Site "http://www.queenalice.com/game.php?id=693121"]
[Date "2009.12.4"]
[Round "-"]
[White "Leof"]
[Black "KaBaL"]
[Result "0-1"]
[WhiteElo "1694"]
[BlackElo "1636"]

1. e4 e5 2. d4 Bd6 3. dxe5 Bxe5 4. f4 Bf6 5. e5 Be7 6. Nf3 d5 7. Bd3 d4 8. O-O
f6 9. Re1 fxe5 10. Nxe5 Nh6 11. g4 Nxg4 12. Nxg4 Nc6 13. f5 Rf8 14. Bg5 Bxf5 15.
h3 Qd5 16. Qe2 Bxd3 17. cxd3 Qxg5 18. Nd2 O-O-O 19. Nf3 Qf4 20. Nfe5 Qg3+ 21.
Kh1 Nxe5 22. Qxe5 Qxh3+ 23. Nh2 Bd6 24. Qe6+ Qxe6 25. Rxe6 Rf5 26. Rae1 Rf2 27.
Ng4 Rxb2 28. a4 Kd7 29. R6e4 c5 30. Rf1 Kc6 31. Re6 Kd5 32. Rfe1 Rf8 33. a5 Rf4
34. Ne5 Kxe6 35. Nc4+ Kf5 36. Nxb2 Rf2 37. Kg1 Rxb2 38. Rf1+ Kg4 39. Rf7 Bh2+
40. Kf1 g5 41. Rxh7 Kg3 42. Rh5 Kf3 43. Rxg5 Rb1# 0-1

[Event "Challenge"]
[Site "http://www.queenalice.com/game.php?id=693235"]
[Date "2009.12.5"]
[Round "-"]
[White "Leof"]
[Black "lcchaves13"]
[Result "1-0"]
[WhiteElo "1598"]
[BlackElo "1417"]

1. e4 e5 2. d4 Nc6 3. d5 Nd4 4. c3 c5 5. cxd4 cxd4 6. Nf3 d6 7. Bc4 Nf6 8. Nbd2
a6 9. Ng5 b5 10. Be2 Nd7 11. Nb3 Be7 12. h4 h6 13. Nh3 Nf6 14. Bd2 Bb7 15. Ba5
Qb8 16. f4 Nxe4 17. Rc1 Bxh4+ 18. g3 Bxg3+ 19. Kf1 exf4 20. Bc7 Qc8 21. Bxd6 Qd7
22. Na5 Bxd5 23. Bb4 Bxa2 24. Bg4 Qd8 25. Nb7 Qb6 26. Nc5 Nf6 27. Bf3 g5 28.
Nxg5 a5 29. Bxa8 axb4 30. Qxd4 O-O 31. Be4 hxg5 32. Re1 b3 33. Rd1 Qa5 34. Qxf6
Bh4 35. Qf5 Kg7 36. Qh7+ Kf6 37. Nd7+ Ke7 38. Nxf8 Kxf8 39. Qh8+ Ke7 40. Qe5+
Kf8 41. Kg2 Qb6 42. Rd4 g4 43. Rxh4 f3+ 44. Bxf3 f6 45. Qf4 gxf3+ 46. Kxf3 Qc6+
47. Kg3 Qc2 48. Qxf6+ 1-0

[Event "Challenge"]
[Site "http://www.queenalice.com/game.php?id=693246"]
[Date "2009.12.5"]
[Round "-"]
[White "Leof"]
[Black "QueenSarah"]
[Result "1-0"]
[WhiteElo "1607"]
[BlackElo "1219"]

1. d3 e5 2. e4 Qf6 3. c3 Bc5 4. f3 g5 5. b4 Bb6 6. c4 Bd4 7. Nd2 Bxa1 8. b5 Ne7
9. Nb3 Bc3+ 10. Bd2 Bb2 11. Nh3 Qg6 12. Bxg5 f6 13. Bh4 Ng8 14. f4 a5 15. f5 Qh6
16. Bg3 a4 17. Nd2 Qe3+ 18. Be2 1-0

[Event "Challenge"]
[Site "http://www.queenalice.com/game.php?id=694629"]
[Date "2009.12.8"]
[Round "-"]
[White "TomasJeferson"]
[Black "Leof"]
[Result "1-0"]
[WhiteElo "1477"]
[BlackElo "1651"]

1. e4 d5 2. Nc3 c6 3. d3 d4 4. Nce2 e5 5. Nf3 f5 6. Nxe5 Bd6 7. Nc4 g6 8. Nxd4
b5 9. Nd2 Nf6 10. N2f3 O-O 11. c4 fxe4 12. Ng5 Re8 13. Be3 Ng4 14. h4 1-0

[Event "Challenge"]
[Site "http://www.queenalice.com/game.php?id=694630"]
[Date "2009.12.8"]
[Round "-"]
[White "Leof"]
[Black "TomasJeferson"]
[Result "0-1"]
[WhiteElo "1676"]
[BlackElo "1452"]

1. d3 e5 2. e4 Bc5 3. f3 Bxg1 4. Rxg1 Qh4+ 5. g3 Qxh2 6. Rg2 Qh5 7. f4 Qh3 8.
fxe5 d6 9. Nc3 Bg4 10. Ne2 Ne7 11. Rf2 Qh1 12. Bf4 d5 13. Qd2 Nd7 14. O-O-O dxe4
0-1

[Event "Challenge"]
[Site "http://www.queenalice.com/game.php?id=694670"]
[Date "2009.12.8"]
[Round "-"]
[White "wellcome"]
[Black "Leof"]
[Result "0-1"]
[WhiteElo "1559"]
[BlackElo "1676"]

1. e4 d5 2. Qf3 dxe4 3. Qxe4 f5 4. Qf3 e5 5. Qe3 e4 6. d3 Nf6 7. f3 Na6 8. dxe4
Bc5 9. exf5+ Bxe3 10. Bxe3 Qe7 11. Nc3 Qxe3+ 12. Be2 Nb4 13. Kd1 Bxf5 14. Bb5+
c6 15. Nh3 Rd8+ 16. Bd3 O-O 17. Re1 Qc5 18. Kc1 Bxd3 0-1

[Event "Challenge"]
[Site "http://www.queenalice.com/game.php?id=694671"]
[Date "2009.12.8"]
[Round "-"]
[White "Leof"]
[Black "wellcome"]
[Result "1-0"]
[WhiteElo "1591"]
[BlackElo "1557"]

1. d3 d5 2. d4 Nc6 3. c3 Bf5 4. e3 e6 5. c4 Bb4+ 6. Bd2 Bxd2+ 7. Nxd2 Nb4 8.
Qa4+ Nc6 9. b4 Ne7 10. b5 Nb8 11. b6+ Qd7 12. Qxd7+ Nxd7 13. c5 axb6 14. Bb5 c6
15. Be2 bxc5 16. Ndf3 O-O-O 17. Ng5 Rdf8 18. N1f3 h6 19. Nh3 cxd4 20. Nxd4 Bxh3
21. gxh3 Nf5 22. Nb3 b6 23. a4 Kc7 24. a5 1-0

[Event "Challenge"]
[Site "http://www.queenalice.com/game.php?id=694748"]
[Date "2009.12.8"]
[Round "-"]
[White "Leof"]
[Black "extermination"]
[Result "0-1"]
[WhiteElo "1586"]
[BlackElo "1761"]

1. d3 e5 2. e4 Nc6 3. f4 f6 4. f5 Nge7 5. Nf3 g6 6. Nh4 d5 7. Nc3 d4 8. Ne2 g5
9. Nf3 Qd6 10. a3 Bd7 11. Nd2 Ng8 12. Nc4 Qc5 13. b4 Qe7 14. Ng3 b5 15. Na5 Nh6
16. Qh5+ Nf7 17. h4 Nxa5 18. bxa5 c5 19. hxg5 fxg5 20. Bxg5 Qd6 21. f6 Rg8 22.
Nf5 Bxf5 23. exf5 Qd7 24. Bd2 O-O-O 25. a6 Qc6 26. Qxf7 Rg4 0-1

[Event "Challenge"]
[Site "http://www.queenalice.com/game.php?id=697206"]
[Date "2009.12.12"]
[Round "-"]
[White "KaBaL"]
[Black "Leof"]
[Result "1-0"]
[WhiteElo "1679"]
[BlackElo "1611"]

1. e4 e5 2. Qh5 d6 3. Bc4 g6 4. Qf3 f6 5. Ne2 c6 6. d4 Nd7 7. Bg5 h6 8. Bd2 b5
9. Be6 Nb6 10. Bb3 d5 11. Ba5 Qd7 12. Bxb6 axb6 13. dxe5 dxe4 14. Qxe4 f5 15.
Qh4 Bb7 16. Nf4 Be7 17. Qg3 Rd8 18. Qxg6+ Kf8 19. Ne6+ Qxe6 20. Bxe6 Rh7 21.
Qxg8# 1-0

[Event "Challenge"]
[Site "http://www.queenalice.com/game.php?id=701207"]
[Date "2009.12.21"]
[Round "-"]
[White "Leof"]
[Black "KaBaL"]
[Result "1-0"]
[WhiteElo "1590"]
[BlackElo "1702"]

1. e4 e5 2. d4 Qh4 3. Nc3 Bb4 4. Bd2 Bxc3 5. bxc3 Qxe4+ 6. Ne2 Nh6 7. f3 Qh4+ 8.
g3 Qf6 9. Bg2 e4 10. fxe4 Ng4 11. Rf1 Qa6 12. Rh1 d6 13. h3 Nh6 14. Nf4 g6 15.
Nd5 Qc6 16. e5 Nd7 17. Nf6+ Nxf6 18. Bxc6+ bxc6 19. Bxh6 Nd5 20. Qf3 Be6 21. c4
Nb4 22. Rc1 Kd7 23. Bg7 Rhb8 24. a3 d5 25. axb4 dxc4 26. c3 Bd5 27. e6+ Bxe6 28.
Rh2 Re8 29. Re2 a5 30. b5 Bd5 31. bxc6+ Bxc6 32. Qxf7+ Kc8 33. Rxe8+ Bxe8 34.
Qxe8+ Kb7 35. Qb5+ Kc8 36. Qxc4 Rb8 37. d5 1-0

[Event "Challenge"]
[Site "http://www.queenalice.com/game.php?id=701606"]
[Date "2009.12.22"]
[Round "-"]
[White "TomasJeferson"]
[Black "Leof"]
[Result "1-0"]
[WhiteElo "1298"]
[BlackElo "1555"]

1. e4 d5 2. e5 d4 3. Bc4 e6 4. c3 c5 5. Nh3 Nd7 6. Qe2 a6 7. Qf3 Nxe5 8. Qe2 b5
9. Bb3 Bd6 10. O-O c4 11. Bc2 d3 12. Qe4 Ra7 13. Bd1 f5 14. Qe1 Nf6 15. a4 Nfg4
16. axb5 O-O 17. b3 Ng6 18. f3 Nxh2 19. Rf2 Qh4 20. f4 Nxf4 21. Nxf4 Bxf4 22.
bxc4 Nf3+ 23. gxf3 Qg3+ 24. Kf1 Rf6 25. b6 Qh3+ 26. Rg2 Rg6 27. Qf2 Rd7 28. Ba4
Bg3 29. Qe3 Bh4 30. Qxe6+ Rxe6 31. Bxd7 1-0

[Event "Challenge"]
[Site "http://www.queenalice.com/game.php?id=701607"]
[Date "2009.12.22"]
[Round "-"]
[White "Leof"]
[Black "TomasJeferson"]
[Result "0-1"]
[WhiteElo "1610"]
[BlackElo "1538"]

1. e4 d5 2. e5 d4 3. f4 Nc6 4. Nf3 Bf5 5. c3 d3 6. h3 h5 7. Nh4 Be4 8. Na3 e6 9.
Nf3 Bc5 10. Ng5 Bf5 11. b4 Bb6 12. b5 Na5 13. c4 Qd4 14. Rb1 Qf2# 0-1

[Event "Challenge"]
[Site "http://www.queenalice.com/game.php?id=705783"]
[Date "2009.12.30"]
[Round "-"]
[White "KaBaL"]
[Black "Leof"]
[Result "1-0"]
[WhiteElo "1638"]
[BlackElo "1601"]

1. e4 e5 2. Qh5 d6 3. Nf3 g6 4. Qg5 Be7 5. Qe3 f5 6. exf5 gxf5 7. g3 Nc6 8. Bb5
h5 9. h4 a6 10. Bxc6+ bxc6 11. Ng5 Nh6 12. b4 Ng4 13. Qb3 Bxg5 14. hxg5 Qxg5 15.
Qa3 f4 16. d4 Qf5 17. Qf3 Bb7 18. Na3 d5 19. gxf4 e4 20. Qg3 O-O-O 21. Bd2 Rdg8
22. O-O-O Ne5 23. Qe3 Nf3 24. c4 h4 25. b5 h3 26. bxc6 Bxc6 27. Qb3 Rg2 28. Be3
h2 29. Kc2 1-0